Zwischen Koenigtum und Volkssouveraenitaet : Die Revolution Von 1848/49 in Brandenburg.

Bibliographic Details
Format: eBook
Language:German
Published: Frankfurt a.M. : Peter Lang GmbH, Internationaler Verlag der Wissenschaften, 1999.
Edition:1st ed.
Subjects:
Online Access:Click to View
LEADER 02582nam a22003493i 4500
001 EBC30686065
003 MiAaPQ
005 20231204023231.0
006 m o d |
007 cr cnu||||||||
008 231204s1999 xx o ||||0 ger d
020 |a 9783631872697  |q (electronic bk.) 
020 |z 9783631344521 
035 |a (MiAaPQ)EBC30686065 
035 |a (Au-PeEL)EBL30686065 
035 |a (OCoLC)1397571046 
040 |a MiAaPQ  |b eng  |e rda  |e pn  |c MiAaPQ  |d MiAaPQ 
245 1 0 |a Zwischen Koenigtum und Volkssouveraenitaet :  |b Die Revolution Von 1848/49 in Brandenburg. 
250 |a 1st ed. 
264 1 |a Frankfurt a.M. :  |b Peter Lang GmbH, Internationaler Verlag der Wissenschaften,  |c 1999. 
264 4 |c ©1999. 
300 |a 1 online resource (376 pages) 
336 |a text  |b txt  |2 rdacontent 
337 |a computer  |b c  |2 rdamedia 
338 |a online resource  |b cr  |2 rdacarrier 
505 0 |a Cover -- Titel -- Copyright -- Inhalt -- Vorwort -- Beiträge zur Revolution von 1848/49 in der Provinz Brandenburg im deutschen und europaischen Umfeld -- Die Provinz Brandenburg im Vormärz (Peter-Michael Hahn) -- Vielfältig und doch ein gemeinsames Grundmuster - die europäische Revolution von 1848/49 (Rüdiger Hachtmann) -- Wien, Berlin und die Militärgewalt in der 48er Revolution (Jürgen Angelow) -- Das Jahr 1848 in der Provinz Brandenburg - Themen und Phasen der revolutionären Auseinandersetzungen (Klaus Neitmann) -- Ländliche demokratische Vereine in Brandenburg 1848-1850 (Gebhard Falk) -- Städtische demokratische Vereine im Regierungsbezirk Frankfurt/Oder 1848/49 (Volker Klemm) -- Dokumente zur Revolution von 1848/49 in der Provinz Brandenburg: bearbeitet von Marko Leps, Christian Schmitz und Kärstin Weirauch -- I . Zur Vorgeschichte -- II. Soziale Unruhen und politischer Aufbruch -- III. Gegenrevolution -- IV. Ende der Revolution -- V. Spuren der Revolution -- VI. Orts- und Personenregister -- Ortsregister -- Personenregister. 
588 |a Description based on publisher supplied metadata and other sources. 
590 |a Electronic reproduction. Ann Arbor, Michigan : ProQuest Ebook Central, 2023. Available via World Wide Web. Access may be limited to ProQuest Ebook Central affiliated libraries.  
655 4 |a Electronic books. 
776 0 8 |i Print version:  |t Zwischen Koenigtum und Volkssouveraenitaet  |d Frankfurt a.M. : Peter Lang GmbH, Internationaler Verlag der Wissenschaften,c1999  |z 9783631344521 
797 2 |a ProQuest (Firm) 
856 4 0 |u https://ebookcentral.proquest.com/lib/matrademy/detail.action?docID=30686065  |z Click to View